The revised working plan for the reserved forests of Koderma and Rajouli ranges (Koderma and Gaya Divisions) Bihar, 1959-60 to 1968-69. (Record no. 87176)

MARC details
000 -LEADER
fixed length control field 01173cam a2200277 4500
001 - CONTROL NUMBER
control field sa 68016559
003 - CONTROL NUMBER IDENTIFIER
control field DLC
005 - DATE AND TIME OF LATEST TRANSACTION
control field 20260227112655.0
008 - FIXED-LENGTH DATA ELEMENTS--GENERAL INFORMATION
fixed length control field 700810s1963 ii a 000 0 eng
010 ## - LIBRARY OF CONGRESS CONTROL NUMBER
LC control number sa 68016559
025 ## - OVERSEAS ACQUISITION NUMBER
Overseas acquisition number PL480:I-E-9613
040 ## - CATALOGING SOURCE
Original cataloging agency DLC
Transcribing agency DLC
Modifying agency DLC
043 ## - GEOGRAPHIC AREA CODE
Geographic area code a-ii---
050 00 - LIBRARY OF CONGRESS CALL NUMBER
Classification number SD88.B4
Item number A44 1963d
082 00 - DEWEY DECIMAL CLASSIFICATION NUMBER
Classification number 634.9/28/095412
110 1# - MAIN ENTRY--CORPORATE NAME
Corporate name or jurisdiction name as entry element Bihar, India (State).
Subordinate unit Forest Department.
-- Working Plans Division.
-- Northern Circle.
245 14 - TITLE STATEMENT
Title The revised working plan for the reserved forests of Koderma and Rajouli ranges (Koderma and Gaya Divisions) Bihar, 1959-60 to 1968-69.
Statement of responsibility, etc. Compiled in the Working Plans Division, Northern Circle, by P. Mishra, under the direction of the Conservator of Forests, Development Circle and the Chief Conservator of Forests, Bihar.
260 ## - PUBLICATION, DISTRIBUTION, ETC.
Place of publication, distribution, etc. Patna,
Name of publisher, distributor, etc. Printed by the Superintendent, Secretariat Press, Bihar,
Date of publication, distribution, etc. 1963.
300 ## - PHYSICAL DESCRIPTION
Extent xv, 70 p.
Other physical details illus.
Dimensions 30 cm.
350 ## - PRICE (NR) (BK AM CF MU VM SE) [OBSOLETE]
Price 8.00
500 ## - GENERAL NOTE
General note Cover title.
650 #0 - SUBJECT ADDED ENTRY--TOPICAL TERM
Topical term or geographic name entry element Forests and forestry
Geographic subdivision India
-- Bihar (State)
650 #0 - SUBJECT ADDED ENTRY--TOPICAL TERM
Topical term or geographic name entry element Forest management.
700 1# - ADDED ENTRY--PERSONAL NAME
Personal name Mishra, Permanand,
Dates associated with a name 1925-
710 1# - ADDED ENTRY--CORPORATE NAME
Corporate name or jurisdiction name as entry element Bihar, India (State).
Subordinate unit Forest Department.

No items available.

Powered by Koha